00904cam a2200265 a 45000010008000000030004000080050017000120080041000290100017000700200015000870400018001020420009001200500026001291000021001552450077001762600043002533000033002965210007003295260008003366500041003446500032003857000032004178560085004498560104005344750923OSt20140310184425.0850711s1986 maua j 000 1 eng  a 85014542  a0590425048 aDLCcDLCdDLC alcac00aPZ 7b.H31115Jam 19891 aHavill, Juanita.10aJamaica's find /cJuanita Havill ; illustrations by Anne Sibley O'Brien. aBoston :bHoughton Mifflin Co.,c1989. a32 p. :bcol. ill. ;c21 cm. aG2 c460 1aLost and found possessionsvFiction. 1aAfrican AmericansvFiction.1 aO'Brien, Anne Sibley,eill.423Publisher descriptionuhttp://www.loc.gov/catdir/description/hm021/85014542.html423Contributor biographical informationuhttp://www.loc.gov/catdir/enhancements/fy0736/85014542-b.html